000 00746nam a2200217Ia 4500
003 GCL
008 140319s9999 xx 000 0 ara d
040 _aGCL /
_cGCL
082 0 4 _aط
_b823
_bك ق
100 1 _aكامل كيلانى
245 1 0 _aقصص شكسبير:العاصفة - تاجر البندقية - يوليوس قيصر - الملك لير /
_cكامل كيلانى
260 _aالقاهرة :
_bدار المعارف
300 _aمتعدد ؛
_c25 سم
490 _aقصص شكسبير
_v0
650 0 4 _aالقصص القصيرة
650 0 4 _aالاطفال
650 0 4 _aالقصص الانجليزية المترجمة
650 0 4 _aالادب الشعبى
650 0 4 _aادب الاطفال
942 _2ddc
_cBK
999 _c51228
_d51228